[Event "2nd Open"]
[Site "Paleohora GRE"]
[Date "2009.07.24"]
[Round "5"]
[White "Smith,Bry"]
[Black "David,Alb"]
[Result "1/2-1/2"]
[WhiteElo "2467"]
[BlackElo "2565"]

1.e4 c5 2.Nf3 e6 3.d4 cxd4 4.Nxd4 a6 5.Nc3 Qc7 6.Bd3 Nf6 7.f4 d6 8.Qe2 Nbd7
9.g4 Nc5 10.Bd2 b5 11.g5 Nfd7 12.b4 Nxd3+ 13.cxd3 Be7 14.Rc1 Qb7 15.f5 Ne5
16.fxe6 fxe6 17.O-O g6 18.Be3 Bd7 19.Nf3 O-O 20.Nxe5 dxe5 21.Qb2 a5 22.Nd5 exd5
23.Qxe5 Rae8 24.Rc7 Rxf1+ 25.Kxf1 Bf8 26.Qf4 Qb8 27.Rxd7 Qxf4+ 28.Bxf4 Bxb4
29.Ke2 dxe4 30.d4 Re7 31.Rd8+ Kf7 32.d5 Re8 33.Rd7+ Re7 34.Rd8 Re8 35.Rd7+  1/2-1/2

[Event "Czech Open A"]
[Site "Pardubice CZE"]
[Date "2009.07.24"]
[Round "1"]
[White "Rehorek,M"]
[Black "Pecha,T"]
[Result "0-1"]
[WhiteElo "2374"]
[BlackElo "2213"]

1.e4 c5 2.Nf3 e6 3.d4 cxd4 4.Nxd4 a6 5.Nc3 Qc7 6.Be2 Nf6 7.O-O Be7 8.f4 d6
9.Bf3 O-O 10.Kh1 Nc6 11.Be3 Bd7 12.Nb3 b5 13.a4 b4 14.Ne2 Rac8 15.a5 Nd8
16.Rc1 Bc6 17.Ng3 Qb7 18.Nd2 d5 19.e5 Nd7 20.Bd4 Bb5 21.Re1 Nc6 22.Nb3 Bc4
23.f5 Bg5 24.Nc5 Nxc5 25.Bxc5 Bxc1 26.Bxf8 Bxb2 27.Bd6 b3 28.fxe6 fxe6 29.Bg4 Nd4
30.cxb3 Bxb3 31.Qd3 Bc2 32.Qe3 g6 33.Qg5 Qg7 34.h3 Bf5 35.Be2 Nxe2 36.Rxe2 Bc1
37.Qh4 Qh6 38.Nxf5 gxf5 39.Qg3+ Qg5 40.Qb3 Bd2 41.g3 Bxa5 42.Rc2 Rxc2 43.Qxc2 Qd8
44.Qc6 Bb6 45.Qb7 h5 46.h4 f4 47.Kg2 fxg3 48.Kxg3 a5 49.Kf3 Bd4 50.Ke2 a4
51.Qa6 Qe8 52.Qd3 Bb6 53.Qa6 Qc6 54.Kd1 d4 55.Qf1 Qe8 56.Qg2+ Kh8 57.Qb7 Bd8
58.Qe4 Qg8 59.Kc1 Qg1+ 60.Kb2 Qf2+ 61.Ka1 Qf1+ 62.Ka2 Qc4+ 63.Ka1 Qc3+ 64.Ka2 Qb3+
65.Ka1 a3 66.Qxd4 Ba5  0-1

[Event "Czech Open A"]
[Site "Pardubice CZE"]
[Date "2009.07.24"]
[Round "1"]
[White "Simacek,P"]
[Black "Jedlicka,A"]
[Result "1-0"]
[WhiteElo "2476"]
[BlackElo "2270"]

1.e4 c5 2.Nf3 e6 3.d4 cxd4 4.Nxd4 a6 5.Nc3 Qc7 6.g3 Bb4 7.Ne2 Nf6 8.Bg2 O-O
9.O-O Nc6 10.Bf4 Ne5 11.Qd4 Bd6 12.Rad1 Ne8 13.Qxd6 Qxd6 14.Rxd6 Nxd6 15.Bxe5 Nc4
16.Bc7 Nxb2 17.e5 f6 18.f4 Nc4 19.Rb1 fxe5 20.fxe5 Ra7 21.Rb4 b5 22.Bb8 Rb7
23.Bxb7 Bxb7 24.Bd6 Rf3 25.Rb1 Re3 26.a4 Bc6 27.axb5 axb5 28.Bb4 Rxe5 29.Nd4 h5
30.Rf1 g5 31.Be7 g4 32.Bf6 Re3 33.Nxc6 dxc6 34.Bd4 Rf3 35.Rxf3 gxf3 36.Ne4 e5
37.Bc5 Kf7 38.Kf2 Ke6 39.Kxf3 Kd5 40.h3 Nb2 41.Be3 Ke6 42.Nc5+ Kd5 43.Ne4 Ke6
44.Nd2 Na4 45.Nb1 Kd5 46.g4 hxg4+ 47.Kxg4 c5 48.Kf5 Nb6 49.Nc3+ Kc4 50.Ne4  1-0

[Event "Czech Open A"]
[Site "Pardubice CZE"]
[Date "2009.07.24"]
[Round "1"]
[White "Palecek,P"]
[Black "Rasik,V"]
[Result "1/2-1/2"]
[WhiteElo "2260"]
[BlackElo "2455"]

1.e4 c5 2.Nf3 a6 3.Nc3 e6 4.d4 cxd4 5.Nxd4 Qc7 6.Bd3 Nf6 7.O-O b5 8.Qe2 d6
9.a4 b4 10.Na2 d5 11.exd5 Nxd5 12.Bc4 Nb6 13.Bb3 Bc5 14.Nf3 O-O 15.c3 a5
16.Qc2 Bd6 17.Be3 N8d7 18.Rfd1 bxc3 19.Nxc3 Bb7 20.Qd3 Bc5 21.Nb5 Qb8 22.Bc2 g6
23.Bh6 Rc8 24.Bb3 Ne5 25.Nxe5 Qxe5 26.Rac1 Qh5 27.Rxc5 Qxc5 28.Nd6 Bd5 29.Nxc8 Rxc8
30.Be3 Qb4 31.Bxb6 Bxb3 32.Bxa5 Qxa4 33.Qa6 Rf8 34.Re1 Bd5 35.Qb6 Qg4 36.f3 Bxf3
37.Qf2 Bd5 38.Bc3 Ra8 39.h3 Qg5 40.Re5 Qd8 41.Qd4 Ra1+ 42.Re1 Rxe1+ 43.Bxe1 Qg5
44.Qf2 Bb7 45.Bc3 Qd5 46.Qg3 f5 47.h4 Kf7 48.Qg5 e5 49.h5 Qe4 50.Kh2 Qe2
51.hxg6+ hxg6 52.Kg1 Qe4 53.Kf2 Bc6 54.Kg1 Qb1+ 55.Kf2 Qc2+ 56.Kg1 Qb1+ 57.Kf2 Bb5
58.Qd2 Ke6 59.Qe1 Qxe1+ 60.Bxe1 Kd5 61.Ba5 Ke4 62.Bc7 g5 63.Bd8 g4 64.g3 Bc4
65.b4 Bb5 66.Bc7 Kd4 67.Bb6+ Kd3 68.Bc7 Ke4 69.Bb6 f4 70.Ba7 Kf5 71.Bb8 Ke4
72.Ba7 Bd7  1/2-1/2

[Event "13th Battle of Senta Open A"]
[Site "Senta SRB"]
[Date "2009.07.24"]
[Round "8"]
[White "Majstorac,Z"]
[Black "Tomin,Kr"]
[Result "1-0"]
[WhiteElo "2079"]
[BlackElo "1979"]

1.e4 c5 2.Nf3 e6 3.d4 cxd4 4.Nxd4 a6 5.Nc3 Qc7 6.a3 Nf6 7.Be2 Nc6 8.O-O Be7
9.Kh1 h5 10.Nxc6 bxc6 11.f4 d6 12.Bf3 Bb7 13.Be3 c5 14.Qe2 g6 15.Rad1 Nd7
16.Rfe1 Nb6 17.Bf2 O-O-O 18.b4 Nd7 19.b5 a5 20.Na4 Nb6 21.Nxb6+ Qxb6 22.c4 Kc7
23.Rd3 Rh7 24.Red1 g5 25.fxg5 Bxg5 26.e5 Bf4 27.exd6+ Rxd6 28.Bxb7 Qxb7 29.Bxc5 Rxd3
30.Qxd3 Rh8 31.Qd7+ Kb8 32.Qxb7+ Kxb7 33.Rd7+ Ka8 34.Rxf7 Be5 35.Rf8+ Rxf8
36.Bxf8 Bd4 37.g3 e5 38.Kg2 e4 39.a4 Kb7 40.h3 Kc7 41.c5 Bf6 42.Bd6+ Kd7
43.Kf2 Bd4+ 44.Ke2 Bg1 45.g4 hxg4 46.hxg4 Bd4 47.g5 Ke6 48.b6  1-0

[Event "ZMD Open"]
[Site "Dresden GER"]
[Date "2009.07.25"]
[Round "1"]
[White "Haak,W"]
[Black "Hilverda,A"]
[Result "0-1"]
[WhiteElo "1821"]
[BlackElo "2243"]

1.e4 c5 2.Nf3 e6 3.d4 cxd4 4.Nxd4 a6 5.Nc3 Qc7 6.Bd3 Nf6 7.Qe2 Bd6 8.Nf3 Nc6
9.a3 O-O 10.Bg5 Ng4 11.Bh4 b5 12.Bg3 Bb7 13.Rd1 Bxg3 14.hxg3 f5 15.Qd2 Nce5
16.Be2 Nxf2 17.Nxe5 Nxh1 18.Qd6 Qxd6 19.Rxd6 Bxe4 20.Bf3 Rac8  0-1

[Event "Quebec Open"]
[Site "Montreal CAN"]
[Date "2009.07.25"]
[Round "9"]
[White "Arngrimsson,D"]
[Black "Castellanos Rodriguez,R"]
[Result "1/2-1/2"]
[WhiteElo "2396"]
[BlackElo "2453"]

1.e4 c5 2.Nf3 e6 3.d4 cxd4 4.Nxd4 a6 5.Nc3 b5 6.Bd3 d6 7.O-O Nf6 8.Bg5 Be7
9.Qf3 Bb7 10.a3 Nbd7 11.Qh3 Nc5 12.Rfe1  1/2-1/2

[Event "OK Open"]
[Site "Oklahoma City USA"]
[Date "2009.07.25"]
[Round "2"]
[White "Berger,Ja"]
[Black "Coleman,M"]
[Result "1/2-1/2"]
[WhiteElo "1928"]
[BlackElo "2212"]

1.e4 c5 2.Nf3 e6 3.d4 cxd4 4.Nxd4 a6 5.Nc3 Qc7 6.Bd3 Nf6 7.O-O h5 8.Re1 Bc5
9.Nb3 Ng4 10.Nxc5 Qxh2+ 11.Kf1 Qh1+ 12.Ke2 Qxg2 13.Rf1 Nc6 14.Nb3 h4 15.Bf4 h3
16.Bg3 h2 17.Rh1 Rh3 18.Qf1 Rxg3 19.Qxg2 Rxg2 20.Kf3 Rxf2+ 21.Kxg4 Ne5+ 22.Kg3 Nxd3
23.cxd3 Rxb2 24.Rxh2 Rxh2 25.Kxh2 b6 26.Rc1 b5 27.e5 Ke7 28.Rg1 g6 29.Ne4 Bb7
30.Nbc5 Bd5 31.Rf1 f5 32.Ng3 g5  1/2-1/2

[Event "Czech Open A"]
[Site "Pardubice CZE"]
[Date "2009.07.25"]
[Round "2"]
[White "Feher,Ad"]
[Black "Strunski,A"]
[Result "1/2-1/2"]
[WhiteElo "2233"]
[BlackElo "2413"]

1.e4 c5 2.Nf3 e6 3.d4 cxd4 4.Nxd4 a6 5.Nc3 Qc7 6.Bd3 Nc6 7.Nxc6 bxc6 8.O-O Nf6
9.Qe2 d5 10.Kh1 Bb7 11.e5 Nd7 12.f4 c5 13.b3 Be7 14.Na4 Qc6 15.c4 d4 16.Rf3 g6
17.Bd2 h5 18.Re1 h4 19.Be4 Qxe4 20.Qxe4 Bxe4 21.Rxe4 Rh5 22.Kg1 O-O-O 23.Nb2 Rg8
24.Nd3 g5 25.fxg5 Bxg5 26.Bxg5 Rhxg5 27.Rf2 R8g7 28.Kf1 a5 29.a3 h3 30.g3 Rh7
31.Kg1 Kc7 32.Ref4 Nxe5 33.Nxc5 Rg4 34.Rxg4 Nxg4 35.Rf4 Ne5 36.Kf2 Kc6 37.b4 Nxc4
38.Rxd4 Nxa3 39.Nd3 a4 40.Rd8 Nb5 41.Ra8 a3 42.Ne5+ Kd5 43.Ra5 Kxe5 44.Rxb5+ Kd4
45.Ra5 f5 46.Rxa3 Rc7 47.Ra2 Rb7 48.Rd2+ Ke5 49.Rb2 Kd4 50.Rd2+ Ke4 51.Re2+ Kd5
52.Rd2+ Kc6 53.Re2 Re7 54.Kf3 e5 55.g4 e4+ 56.Kf4 fxg4 57.Kxg4 Kd5 58.Kxh3 e3
59.Kg4 Kd4 60.h4 Kd3 61.Re1 Kd2 62.Ra1 e2 63.h5 Rg7+ 64.Kh4 Rc7 65.h6 Rc1
66.Ra2+ Ke3 67.Rxe2+ Kxe2 68.Kg5 Ke3 69.h7 Rh1 70.Kg6 Kd4 71.Kg7 Rg1+ 72.Kf7 Rf1+  1/2-1/2

[Event "Czech Open A"]
[Site "Pardubice CZE"]
[Date "2009.07.25"]
[Round "2"]
[White "Forthofer,R"]
[Black "Bernasek,J"]
[Result "1-0"]
[WhiteElo "2263"]
[BlackElo "2470"]

1.e4 c5 2.Nf3 e6 3.d4 cxd4 4.Nxd4 a6 5.Nc3 b5 6.g3 b4 7.Na4 Bb7 8.Bg2 Nf6
9.O-O d6 10.Re1 e5 11.Nf5 h5 12.Bg5 Nc6 13.c3 a5 14.Qf3 Bc8 15.Rad1 Rb8 16.Qd3 bxc3
17.bxc3 Bxf5 18.exf5 Qc8 19.Rb1 Nd7 20.Qd5 Nd8 21.Qxa5 Be7 22.Bxe7 Kxe7 23.Rxb8 Qxb8
24.Be4 Qc8 25.Rb1 Qc4 26.Qb4 Qxa2 27.Rd1 Rh6 28.Kf1 Rf6 29.Bb1 Qa1 30.Bc2 Qxd1+
31.Bxd1 Rxf5 32.Nb6 Nc5 33.Nd5+ Kd7 34.Qb5+ Kc8 35.Ne7+  1-0

[Event "Continental ch-Americas"]
[Site "Sao Paulo BRA"]
[Date "2009.07.25"]
[Round "1"]
[White "Carvalho,Fe"]
[Black "Flores,Di"]
[Result "0-1"]
[WhiteElo "2141"]
[BlackElo "2579"]

1.e4 c5 2.Nf3 e6 3.d4 cxd4 4.Nxd4 a6 5.Nc3 b5 6.Be3 Bb7 7.f3 Qc7 8.Qd2 Nf6
9.O-O-O Nc6 10.g4 b4 11.Na4 d5 12.g5 Nd7 13.b3 dxe4 14.fxe4 Nce5 15.Bd3 Nc5
16.Nxc5 Bxc5 17.Kb1 Rd8 18.Bb5+ axb5 19.Nxe6 fxe6 20.Qxd8+ Qxd8 21.Rxd8+ Kxd8
22.Bxc5 Bxe4 23.Re1 Nf3 24.Re3 Kd7 25.Bxb4 Bd5 26.c4 bxc4 27.bxc4 Rb8 28.a3 Nd2+  0-1

[Event "ZMD Open"]
[Site "Dresden GER"]
[Date "2009.07.26"]
[Round "2"]
[White "Lienau,H"]
[Black "Kelbling,P"]
[Result "0-1"]
[WhiteElo "1753"]
[BlackElo "2080"]

1.e4 c5 2.Nf3 e6 3.d4 cxd4 4.Nxd4 a6 5.Nc3 Qc7 6.Bd3 Nf6 7.Bd2 b5 8.O-O Bb7
9.a3 Nc6 10.Nxc6 dxc6 11.Kh1 c5 12.f3 h5 13.Qe1 c4 14.Be2 Bd6 15.f4 Nxe4
16.Nxe4 Bxe4 17.Rc1 Bf5 18.Bf3 Rc8 19.Qg3 f6 20.Qh4 Kf7 21.Bc3 a5 22.Rce1 b4
23.axb4 axb4 24.Bd4 Bxf4 25.Bxh5+ Kg8 26.Rxf4 Rxh5 27.Qxh5 Qxf4 28.c3 b3
29.Qe2 Kf7 30.Rf1 Qd6 31.Qh5+ Bg6 32.Qf3 e5 33.Be3 Rd8 34.Ra1 Rd7 35.Qe2 Qd3
36.Qg4 Qf5 37.Qxc4+ Qe6 38.Qe2 Qf5 39.Qc4+ Qe6 40.Qe2 Qd5 41.Rc1 Qd3 42.Qf2 f5
43.c4 f4 44.c5 Qxe3  0-1

[Event "zt 3.3"]
[Site "Ho Chi Minh City VIE"]
[Date "2009.07.26"]
[Round "5"]
[White "Ly Hong Nguyen"]
[Black "Tran Quoc Dung"]
[Result "1/2-1/2"]
[WhiteElo "2302"]
[BlackElo "2196"]

1.e4 c5 2.Nf3 e6 3.d4 cxd4 4.Nxd4 a6 5.Nc3 Nc6 6.Be2 Qc7 7.Be3 Nf6 8.O-O Be7
9.f4 d6 10.Kh1 O-O 11.Qe1 Na5 12.Qg3 Kh8 13.e5 Ne8 14.f5 dxe5 15.fxe6 exd4
16.Bf4 Qd8 17.exf7 dxc3 18.fxe8=Q Qxe8 19.Be5 Qg6 20.Qh4 Nc6 21.Rxf8+ Bxf8
22.Rf1 Bf5 23.Bxc3 Be7 24.Qf2 Bxc2 25.Bc4 Be4 26.Bf7 Qg4 27.Bc4 Bc5 28.Qg3 Qxg3
29.hxg3 b5 30.Bb3 Bd4 31.Rf4 Bxc3 32.Rxe4 Bxb2 33.Bd5 g6 34.Bxc6 Ra7 35.Kg1 Rc7
36.Re6 Bd4+ 37.Kf1 b4 38.Ke2 a5 39.Kd3 Bf2 40.g4 Kg7 41.Kc4 Ra7 42.Kb5 Kh6
43.Re5 Bd4 44.Rd5 Bc3 45.Rd7 Rxd7 46.Bxd7 Kg5 47.Be6 Kf4 48.Bg8 h6 49.Bf7 g5
50.Bh5 Ke3 51.Ka4 Kd2 52.Kb3 Kc1 53.Bg6 Bf6 54.Bf5 Be7 55.Bg6 Kd2 56.Be4 Ke3
57.Bf3 Kd3 58.Bd5 Kd4 59.Bf3 Kd3 60.Bd5 Bd6 61.Bf3 Kd2 62.Bd5 Kc1 63.Be4 Be7
64.Bf5 Kd2 65.Be4 Bd6 66.Bd5 Ke3 67.Bf3 Kf4 68.Ka4 Bc7 69.Kb3 Ke3  1/2-1/2

[Event "ch-Euro Senior"]
[Site "Rogaska Slatina SLO"]
[Date "2009.07.26"]
[Round "5"]
[White "Wittmann,W"]
[Black "Zakharov,AI"]
[Result "1/2-1/2"]
[WhiteElo "2274"]
[BlackElo "2422"]

1.e4 c5 2.Nf3 e6 3.d4 cxd4 4.Nxd4 a6 5.Nc3 Qc7 6.Bd3 Nc6 7.Nxc6 bxc6 8.O-O Nf6
9.Qe2 Bd6 10.f4 e5 11.f5 Be7 12.b3 d5 13.Bd2 g6 14.g4 gxf5 15.gxf5 Bb7 16.Kh1 Bb4
17.Bg5 Qd6 18.Bxf6 Qxf6 19.Na4 O-O 20.c3 Bd6 21.Rg1+ Kh8 22.Rg2 Qh4 23.Rg4 Qh3
24.Rag1 Rg8  1/2-1/2

[Event "ch-Euro Senior"]
[Site "Rogaska Slatina SLO"]
[Date "2009.07.26"]
[Round "5"]
[White "Semashev,K"]
[Black "Bratko,I"]
[Result "1-0"]
[WhiteElo "2186"]
[BlackElo "2229"]

1.e4 c5 2.Nf3 e6 3.d4 cxd4 4.Nxd4 a6 5.Nc3 Qc7 6.Bd3 Nc6 7.Be3 Nf6 8.O-O Ne5
9.h3 d6 10.f4 Nc4 11.Bxc4 Qxc4 12.Qf3 Bd7 13.e5 Nd5 14.Nxd5 Qxd5 15.Qg3 dxe5
16.fxe5 Bc5 17.c4 Qe4 18.Rad1 Qg6 19.Qf2 Be7 20.Qf3 Rb8 21.Rf2 Bh4 22.Rfd2 O-O
23.Nf5 Qxf5 24.Qxf5 exf5 25.Rxd7 Bg3 26.Bc5 Rfe8 27.Bd6 Bxe5 28.Bxb8  1-0

[Event "Continental ch-Americas"]
[Site "Sao Paulo BRA"]
[Date "2009.07.26"]
[Round "2"]
[White "Guerrero,H"]
[Black "Terao,J"]
[Result "0-1"]
[WhiteElo "1985"]
[BlackElo "2168"]

1.e4 c5 2.Nf3 e6 3.d4 cxd4 4.Nxd4 a6 5.Nc3 b5 6.Bd3 Bc5 7.Nb3 Bb6 8.O-O Nc6
9.Kh1 Qh4 10.f4 Nf6 11.Qe1 Qxe1 12.Rxe1 Ng4 13.Nd1 e5 14.h3 h5 15.f5 Bb7
16.Be3 Nxe3 17.Nxe3 Bxe3 18.Rxe3 d6 19.a4 b4 20.Nd2 Rd8 21.Nc4 f6 22.Nb6 Nd4
23.c3 bxc3 24.bxc3 Nb3 25.Rb1 Nc5 26.Bc2 Bc6 27.a5 Ke7 28.Rb4 h4 29.Ba4 Nxa4
30.Nxa4 Bxa4 31.Rxa4 Rb8 32.Rb4 Rhc8 33.Re2 Rxb4 34.cxb4 Rb8 35.Rb2 Kd7 36.Kg1 Rb7
37.Kf2 Kc6 38.Kf3 Kb5 39.Kg4 Kc4 40.Kxh4 Kd3 41.g4 Kxe4 42.Kg3 d5 43.h4 d4
44.Rb3 d3 45.Kf2 Kd4 46.g5 e4 47.b5 axb5 48.Rb4+ Kc3 49.Rxe4 d2  0-1

[Event "Continental ch-Americas"]
[Site "Sao Paulo BRA"]
[Date "2009.07.26"]
[Round "2"]
[White "Elihimas,F"]
[Black "Santana,A"]
[Result "0-1"]
[WhiteElo "1825"]
[BlackElo "2063"]

1.e4 c5 2.Nf3 e6 3.d4 cxd4 4.Nxd4 a6 5.Nc3 Bb4 6.Bd2 Nc6 7.Nb3 Nf6 8.f3 b5
9.a3 Be7 10.Be3 Qc7 11.Be2 Bb7 12.O-O Rc8 13.f4 b4 14.axb4 Bxb4 15.e5 Bxc3
16.bxc3 Ne4 17.Qd3 Ne7 18.Na5 Nxc3 19.Nxb7 Nxe2+ 20.Qxe2 Qxb7 21.Rfb1 Qe4
22.Qd3 Qxd3 23.cxd3 Nd5 24.Bd2 Ra8 25.Rb2 Ke7 26.Bb4+ Nxb4 27.Rxb4 Rhc8 28.Rba4 Rc6
29.R1a2 d5 30.exd6+ Kxd6 31.Kf2 Kc7 32.Ke3 Kb6 33.Rb4+ Kc7 34.g4 a5 35.Rba4 Rc5
36.d4 Rb5 37.h4 Kb6 38.R2a3 Ra6 39.Kd3 Rb4 40.Kc3 Kb5  0-1

[Event "Continental ch-Americas"]
[Site "Sao Paulo BRA"]
[Date "2009.07.26"]
[Round "3"]
[White "Orsini,A"]
[Black "Iturrizaga,E"]
[Result "0-1"]
[WhiteElo "2352"]
[BlackElo "2555"]

1.e4 c5 2.Nf3 a6 3.Nc3 e6 4.d4 cxd4 5.Nxd4 Qc7 6.Bd3 Nf6 7.Qe2 Bd6 8.a4 Be5
9.Nb3 Nc6 10.a5 O-O 11.Bd2 d5 12.Na4 Bd7 13.Nb6 Rad8 14.O-O-O dxe4 15.Bxe4 Nd4
16.Nxd4 Bxd4 17.Kb1 Bb5 18.Qf3 Nxe4 19.Qxe4 Bc6 20.Qg4 Qe5 21.Bb4 Rfe8 22.Nc4 Qf6
23.Nd6 Rxd6 24.Bxd6 Bxb2 25.Qf4 Bxg2 26.Rhg1 Bc6 27.Rg3 Rc8 28.Qxf6 Bxf6
29.Rd2 Bh4 30.Rc3 Bd8 31.Bb4 Bc7 32.h3 f6 33.Rc4 Kf7 34.c3 g5 35.Rcd4 h5
36.Kc2 h4 37.Kd1 b5 38.Ke1 g4 39.hxg4 h3 40.f4  0-1

[Event "2nd Open"]
[Site "Paleohora GRE"]
[Date "2009.07.27"]
[Round "8"]
[White "Georgiadis,I"]
[Black "Sandalakis,A"]
[Result "1/2-1/2"]
[WhiteElo "2438"]
[BlackElo "2350"]

1.e4 c5 2.Nf3 e6 3.d4 cxd4 4.Nxd4 a6 5.Nc3 Qc7 6.Bd3 g6 7.Be3 d6 8.Qd2 Nf6
9.O-O-O Nbd7 10.Bh6 Be7 11.h3 b6 12.Rhe1 Bb7 13.g4 Rg8 14.f4 Nc5 15.g5 Nfd7
16.f5 e5 17.fxg6 Nxd3+ 18.Qxd3 hxg6 19.Nb3 Nf8 20.Nd5 Bxd5 21.exd5 Nd7 22.Nd2 Rc8
23.Ne4 Nc5 24.Nxc5 Qxc5 25.Re4 b5 26.Rf1 Rh8 27.c3 Bd8 28.Qd2 Ba5 29.Kb1 Bb6
30.h4 a5 31.a3 Rg8 32.Qd3 Bd8 33.Rf3 Rb8 34.Rf1 Rb7 35.Qf3 Ra7 36.Rd1 Be7
37.Qe2 Rb7 38.Qd2 Bf8 39.Bxf8 Kxf8 40.Rf1 Kg7 41.Qd3 Rf8 42.h5 b4 43.cxb4 axb4  1/2-1/2

[Event "Czech Open A"]
[Site "Pardubice CZE"]
[Date "2009.07.27"]
[Round "4"]
[White "Danes,J"]
[Black "Manik,M"]
[Result "1/2-1/2"]
[WhiteElo "2238"]
[BlackElo "2465"]

1.e4 c5 2.Nf3 e6 3.d4 cxd4 4.Nxd4 a6 5.Nc3 b5 6.Bd3 d6 7.O-O Nf6 8.a3 Be7
9.Be3 Qc7 10.f4 Nbd7 11.Qf3 Bb7 12.Rae1 Nc5 13.Bf2 O-O 14.Qh3 Nxd3 15.cxd3 g6
16.Kh1 e5 17.Nf3 exf4 18.Qh6 Nh5 19.Ng5 Bxg5 20.Qxg5 Qd8 21.Qh6 f5 22.Bd4 fxe4
23.Nxe4 Bxe4 24.Rxe4 Qh4 25.Kg1 Rae8 26.Rfxf4 Qxf4 27.Rxf4 Rxf4 28.Bc3 Ref8
29.h3 R8f5 30.Kh2 Nf6 31.Bxf6 Rxf6 32.Qg5 R4f5 33.Qe3 Re5 34.Qa7 Re2 35.Qxa6 Rff2
36.Qxb5 Rxg2+ 37.Kh1 Rh2+ 38.Kg1 Reg2+ 39.Kf1 Rf2+ 40.Kg1 Rfg2+ 41.Kf1 Rf2+
42.Kg1 Rfg2+ 43.Kf1 Rxb2 44.Qe8+  1/2-1/2

[Event "ch-AUT"]
[Site "Jenbach AUT"]
[Date "2009.07.28"]
[Round "4"]
[White "Schnegg,D"]
[Black "Muehlbacher,B"]
[Result "1/2-1/2"]
[WhiteElo "2092"]
[BlackElo "2156"]

1.e4 c5 2.Nf3 e6 3.d4 cxd4 4.Nxd4 a6 5.Nc3 Qc7 6.Bd3 b5 7.O-O Bb7 8.Re1 d6
9.a4 b4 10.Na2 e5 11.Nf3 a5 12.c3 b3 13.Qxb3 Nd7 14.Bb5 h6 15.Be3 Nf6 16.Rad1 Be7
17.Nd2 O-O 18.f3 Nc5 19.Qc2 d5 20.b4 Ne6 21.Qb2 Rfd8 22.bxa5 Bc5 23.Bxc5 Qxc5+
24.Kh1 dxe4 25.Qb4 Qf2 26.Rf1 Qa7 27.a6 Bxa6 28.Nxe4 Nd5  1/2-1/2

[Event "Czech Open A"]
[Site "Pardubice CZE"]
[Date "2009.07.29"]
[Round "6"]
[White "Simek,P2"]
[Black "Blomqvist,E"]
[Result "0-1"]
[WhiteElo "2301"]
[BlackElo "2436"]

1.e4 c5 2.Nf3 e6 3.d4 cxd4 4.Nxd4 a6 5.Nc3 Qc7 6.Be2 b5 7.Be3 Bb7 8.f3 Nf6
9.O-O b4 10.Na4 d5 11.Kh1 Nbd7 12.Rc1 Bd6 13.c4 bxc3 14.Nxc3 Qb8 15.exd5 Nxd5
16.Nxd5 Bxd5 17.Bc4 Nb6 18.Bxd5 Nxd5 19.Qa4+ Kf8 20.Bg1 Qe8 21.Qc4 g6 22.Nc6 Kg7
23.Qd4+ f6 24.Na5 Bf4 25.Rcd1 Be5 26.Qe4 Bxb2 27.Nc4 f5 28.Qb1 Bf6 29.Qb7+ Qf7
30.Rb1 Rhb8 31.Qc6 Rc8 32.Qb7 Qxb7 33.Rxb7+ Kg8 34.Nd6 Rc6 35.Nf7 Rc7 36.Rxc7 Nxc7
37.Rc1 Nb5 38.a4 Kxf7 39.axb5 axb5 40.Rc7+ Ke8 41.g4 h5 42.gxh5 gxh5 43.Bc5 Kd8
44.Kg2 Ra2+ 45.Kg1 Rc2 46.Rc6 Rxc5  0-1

[Event "Continental ch-Americas"]
[Site "Sao Paulo BRA"]
[Date "2009.07.29"]
[Round "6"]
[White "Mosquera,M"]
[Black "Mareco,S"]
[Result "0-1"]
[WhiteElo "2393"]
[BlackElo "2503"]

1.e4 c5 2.Nf3 e6 3.d4 cxd4 4.Nxd4 a6 5.Nc3 Qc7 6.g4 Bb4 7.Bd2 Nf6 8.Bg2 Nc6
9.Nxc6 dxc6 10.g5 Nd7 11.Qe2 Bd6 12.h4 e5 13.O-O-O Nc5 14.f4 exf4 15.e5 Be7
16.Bxf4 Be6 17.h5 Rd8 18.Rde1 Qa5 19.g6 Na4 20.Ne4 O-O 21.gxh7+ Kh8 22.h6 g6
23.c3 Nxb2 24.Nd6 Qxc3+ 25.Kb1 Nd3  0-1

[Event "Continental ch-Americas"]
[Site "Sao Paulo BRA"]
[Date "2009.07.29"]
[Round "6"]
[White "Felgaer,R"]
[Black "Zapata,Alo"]
[Result "1-0"]
[WhiteElo "2561"]
[BlackElo "2523"]

1.e4 c5 2.Nf3 e6 3.Nc3 a6 4.d4 cxd4 5.Nxd4 Qc7 6.Qf3 Nf6 7.Bg5 Be7 8.O-O-O Nc6
9.Be2 O-O 10.Qg3 d6 11.f4 Bd7 12.e5 dxe5 13.fxe5 Nxe5 14.Nf3 Bc6 15.Qxe5 Qxe5
16.Nxe5 Bxg2 17.Rhg1 Bc6 18.Bh6 Ne8 19.Nxc6 bxc6 20.Rd7 Bc5 21.Rg2 Kh8 22.Ne4 Bb6
23.Bd2 a5 24.c4 Bc7 25.Bf3 Rc8 26.Kc2 e5 27.Bc3 h6 28.Nc5 Nf6 29.Rd1 Nh7
30.Nd7 Rfe8 31.Bxc6 Ng5 32.h4 Nh3 33.Nc5 Nf4 34.Rgd2 Red8 35.Bb7 Rb8 36.Rd7  1-0

[Event "ch-AUT"]
[Site "Jenbach AUT"]
[Date "2009.07.30"]
[Round "6"]
[White "Jedinger,A"]
[Black "Hofmann,T"]
[Result "1/2-1/2"]
[WhiteElo "2170"]
[BlackElo "2022"]

1.e4 c5 2.Nf3 e6 3.d4 cxd4 4.Nxd4 a6 5.Nc3 Qc7 6.Bd3 Nc6 7.Be3 Nf6 8.O-O Nxd4
9.Bxd4 Bc5 10.Bxc5 Qxc5 11.Qe2 d6 12.Rad1 O-O 13.Kh1 e5 14.h3 Be6 15.a3 g6
16.Qd2 Qc6 17.Rfe1 Rad8 18.Bf1 Nh5 19.Kh2 b5 20.g3 Qb6 21.Qe3 Qxe3 22.Rxe3 f5
23.exf5 Rxf5 24.Rd2 Rdf8 25.Kg1 d5 26.g4 d4 27.gxf5 dxe3 28.fxe3 Bxf5 29.Bg2 Rb8
30.Nd5 Kf7 31.Nb4 Rb6  1/2-1/2

[Event "Czech Open A"]
[Site "Pardubice CZE"]
[Date "2009.07.30"]
[Round "7"]
[White "Geske,J"]
[Black "Manik,M"]
[Result "1-0"]
[WhiteElo "2264"]
[BlackElo "2465"]

1.e4 c5 2.Nf3 e6 3.Nc3 a6 4.d4 cxd4 5.Nxd4 b5 6.Bd3 Bb7 7.O-O Qc7 8.Qe2 Bc5
9.Nb3 Bb6 10.a4 b4 11.Na2 Nc6 12.Bd2 a5 13.c3 bxc3 14.Nxc3 Nf6 15.Nb5 Qb8
16.Rac1 O-O 17.Nc5 Bxc5 18.Rxc5 d5 19.exd5 Nxd5 20.Rfc1 Ncb4 21.Bb1 Nf4 22.Qg4 Nbd3
23.Bxd3 Nxd3 24.Bh6 g6 25.Qd4  1-0

[Event "Continental ch-Americas"]
[Site "Sao Paulo BRA"]
[Date "2009.07.30"]
[Round "7"]
[White "Barrientos,S"]
[Black "Flores,Di"]
[Result "1/2-1/2"]
[WhiteElo "2474"]
[BlackElo "2579"]

1.e4 c5 2.Nf3 e6 3.d4 cxd4 4.Nxd4 a6 5.Nc3 b5 6.Bd3 Qb6 7.Nf3 Nc6 8.O-O Qb8
9.Re1 Bd6 10.Bg5 Nge7 11.Qd2 Ng6 12.Rad1 Nce5 13.Nxe5 Bxe5 14.g3 O-O 15.Be3 Qc7
16.Bf1 Bb7 17.Bg2 Bc6 18.Nb1 Rfd8 19.f4 Bf6 20.Qf2 Qb7 21.c3 Be7 22.Nd2 Rab8
23.h4 d6 24.Nb3 Qc7 25.Nd4 Ba8 26.f5 Nf8 27.fxe6 fxe6 28.Bh3 Qc8 29.Rf1 Bf6
30.Bg5 Bxg5 31.hxg5 Qd7 32.Qxf8+ Rxf8 33.Bxe6+ Qxe6 34.Rxf8+ Kxf8 35.Nxe6+ Ke7
36.Nd4 g6 37.Re1 b4 38.c4 Rc8 39.b3 Rc5 40.Nf3 Bc6 41.Kf2 Ra5 42.Re2 Bd7
43.Rd2 Bg4 44.Nd4 Bd7 45.Nf3 Bg4  1/2-1/2

[Event "ch-AUT"]
[Site "Jenbach AUT"]
[Date "2009.08.01"]
[Round "8"]
[White "Mittermayr,G"]
[Black "Pilaj,H"]
[Result "0-1"]
[WhiteElo "2178"]
[BlackElo "2357"]

1.e4 c5 2.Nf3 e6 3.d4 cxd4 4.Nxd4 a6 5.Nc3 Qc7 6.Bd3 Nf6 7.Qe2 Nc6 8.Nxc6 bxc6
9.e5 Nd5 10.Nxd5 cxd5 11.O-O g6 12.b3 Bg7 13.Bb2 O-O 14.f4 a5 15.Ba3 Re8
16.h4 a4 17.Bd6 Qb6+ 18.Kh2 Ba6 19.Rad1 Rec8 20.h5 Rc3 21.Rf3 Bxd3 22.Rdxd3 Rc6
23.bxa4 Rac8 24.Ra3 Rxc2 25.Qxc2 Rxc2 26.Rab3 Qd8 27.Rb8 Qxb8 28.Bxb8 Rxa2
29.Rc3 h6 30.hxg6 fxg6 31.Rc8+ Kh7 32.Rc7 Rxa4 33.g3 Ra8 34.Ba7 Rd8 35.Bc5 g5
36.Be7 Re8 37.Rxd7 Kg6 38.Bd6 gxf4 39.gxf4 h5 40.Kg3 Bh6 41.Kf3 Rc8 42.Re7 Rc3+
43.Ke2 Bxf4 44.Rxe6+ Kf5 45.Rf6+ Ke4 46.Rf8 d4 47.Rxf4+ Kxf4 48.e6+ Ke4  0-1

[Event "Open"]
[Site "Kavala GRE"]
[Date "2009.08.01"]
[Round "1"]
[White "Rizos,G"]
[Black "David,Alb"]
[Result "0-1"]
[WhiteElo "2163"]
[BlackElo "2565"]

1.e4 c5 2.Nf3 e6 3.d4 cxd4 4.Nxd4 a6 5.Nc3 Qc7 6.Bd3 Nf6 7.O-O Bc5 8.Nb3 Be7
9.f4 d6 10.a4 O-O 11.a5 b5 12.e5 dxe5 13.fxe5 Nfd7 14.Qg4 Nxe5 15.Qg3 f5
16.Bf4 Nbc6 17.Kh1 Bd6 18.Bxb5 Ne7 19.Nd4 N7g6 20.Bxa6 Rxa6 21.Ndb5 Qb8 22.Rad1 Nxf4
23.Qxf4 Be7 24.Rfe1 Bf6 25.b4 Rc6 26.Qg3 Bd7 27.Nd4 Rc4 28.b5 Ng4  0-1

[Event "Centroamericano & Caribbean U20 w"]
[Site "Medellin COL"]
[Date "2009.08.01"]
[Round "4"]
[White "Herrera,Mil"]
[Black "Chirivi C,Y"]
[Result "1-0"]
[WhiteElo "2118"]
[BlackElo "2195"]

1.e4 c5 2.Nf3 e6 3.d4 cxd4 4.Nxd4 a6 5.Nc3 Qc7 6.Be2 Nc6 7.Be3 Nf6 8.O-O Bb4
9.Na4 Be7 10.Nxc6 bxc6 11.Nb6 Rb8 12.Nxc8 Rxc8 13.Bxa6 Rb8 14.Bd3 Rxb2 15.Bd4 Rb8
16.e5 Nd5 17.c4 Nf4 18.Be4 O-O 19.Qg4 Ng6 20.f4 f5 21.exf6 Bxf6 22.Bxf6 Rxf6
23.Bxg6 Rxg6 24.Qe2 Rb4 25.f5 Rh6 26.h3 Qb8 27.fxe6 Rxe6 28.Qf3 Rf6 29.Qd3 Qa7+
30.Kh1 Rxf1+ 31.Rxf1 h6 32.Re1 Rb8 33.Re7 Qxa2 34.Qxd7 Qa1+ 35.Kh2 Rf8 36.Qxc6 Qc1
37.Qe6+ Kh8 38.Rf7 Rxf7 39.Qxf7 Qg5 40.Qe8+ Kh7 41.Qe4+ Kh8 42.Qd4 h5 43.c5 h4
44.Qd6 Kh7 45.c6 Qf5 46.c7 g5 47.Kg1 Qb1+ 48.Kf2 Qc2+ 49.Ke3 Qc1+ 50.Ke4 Qc2+
51.Ke5 Qc3+ 52.Ke6 Qc4+ 53.Kd7  1-0

[Event "Open"]
[Site "Stara Pazova SRB"]
[Date "2009.08.01"]
[Round "9"]
[White "Klasan,V"]
[Black "Sertic,Ru"]
[Result "1/2-1/2"]
[WhiteElo "2293"]
[BlackElo "2381"]

1.e4 e6 2.d4 c5 3.Nf3 a6 4.Nc3 cxd4 5.Nxd4 Qc7 6.Bd3 g6 7.O-O Bg7 8.Be3 Ne7
9.f4 Nbc6 10.Nxc6 Nxc6 11.e5 d6 12.exd6 Qxd6 13.Ne4 Qd8 14.c3 f5 15.Ng5 h6
16.Nf3 O-O 17.Bc4 Qc7 18.Qb3 Kh7 19.Qb6 Qb8 20.Nd4 e5 21.Nxc6 bxc6 22.Qxb8 Rxb8
23.Rf2 Rd8 24.Kf1 a5 25.Re1 e4 26.Rc2 a4 27.Ke2 Bd7 28.Rd1 Be8 29.Rxd8 Rxd8
30.Rd2 Rb8 31.Ba7 Rb7 32.Bc5 g5 33.Ke3 gxf4+ 34.Kxf4 h5 35.Rd8 Bg6 36.Bg8+ Kh6
37.Rd6 h4 38.Be6 Kh5 39.Bxf5 Bh6+ 40.Ke5 Bg7+ 41.Kf4 Bh6+ 42.Ke5 Bg7+ 43.Kf4  1/2-1/2